000 00551nam a2200205Ia 4500
005 20250508151147.0
008 008 250505s9999 xx 000 0 eng d
037 _aTextBook
040 _aFEDL
_beng
_cFEDL
041 _aeng
_2eng
084 _a320.7, KOG
_qFEDL
100 _aKogekar S V
_9298190
245 0 _aPolitical science in India
260 _aDelhi, India
_bPremier Publishing Co.
_c1953
300 _a110p
365 _aINR
_b5
700 _a Appadorai A
_9758583
942 _cTB
_h320.7, KOG
999 _c1327980
_d1327980